|
|
|
|
| LEADER |
00000cam a2200000 4500 |
| 001 |
vtls012068540 |
| 003 |
SK-MaSNL |
| 005 |
20260302094514.0 |
| 008 |
230501s2020 xo o gr 000 0 slo |
| 015 |
|
|
|a SNBA2022/02
|
| 020 |
|
|
|a 9788081432798
|q (brožované)
|z 9788081432781
|
| 035 |
|
|
|a urn:nbn:sk:snk-am00icei
|
| 035 |
|
|
|a 3C2B5B45-74F7-4AEB-A44A-4BC03A8CA289
|
| 040 |
|
|
|a SNK
|b slo
|c SNK
|e rda
|
| 041 |
0 |
|
|a slo
|
| 044 |
|
|
|a xo
|c SK
|
| 072 |
|
7 |
|a 159.92
|x Vývinová psychológia. Psychológia osobnosti
|2 konspekt
|
| 080 |
|
|
|a (0:82-84)
|2 2011
|
| 080 |
|
|
|a 159.923.5
|2 2011
|
| 080 |
|
|
|a 159.947.5
|2 2011
|
| 245 |
0 |
0 |
|a Mier vysoko
|c editorka: Soňa Vancáková
|
| 264 |
|
1 |
|a [Košice]
|b Equilibria, s.r.o.
|c 2020
|
| 300 |
|
|
|a 32 nečíslovaných strán
|b fotografie
|c 12 cm
|
| 336 |
|
|
|a text
|b txt
|2 rdacontent
|
| 336 |
|
|
|a statický obraz
|b sti
|2 rdacontent
|
| 337 |
|
|
|a bez média
|b n
|2 rdamedia
|
| 338 |
|
|
|a zväzok
|b nc
|2 rdacarrier
|
| 500 |
|
|
|a Miesto vydania podľa NA ISBN
|
| 650 |
0 |
7 |
|a pozitívne myslenie
|2 SNKPH
|9 4009
|
| 650 |
0 |
7 |
|a Positive thinking
|2 SNKPHeng
|9 266375
|
| 650 |
0 |
7 |
|a motivácia
|2 SNKPH
|9 1779
|
| 650 |
0 |
7 |
|a Motivation (psychology)
|2 SNKPHeng
|9 270854
|
| 655 |
|
7 |
|a citáty
|2 SNKPH
|9 70419
|
| 655 |
|
7 |
|a Quotations
|2 SNKPHeng
|9 302733
|
| 655 |
|
7 |
|a výroky
|2 SNKPH
|9 30092
|
| 700 |
1 |
|
|a Vancáková, Soňa
|4 edt
|9 162956
|
| 852 |
|
|
|a Slovenská národná knižnica
|
| 919 |
|
|
|a 978-80-8143-279-8
|
| 954 |
|
|
|a odborná, vedecká literatúra pôvodná (slovenská)
|2 lita
|
| 999 |
|
|
|c 1213413
|d 1215343
|
| 952 |
|
|
|a SNK
|b SNK
|y PREZ
|7 0
|p 17A1458506
|o snkSE 13998
|i snk2021/12469
|8 0
|0 0
|1 0
|4 0
|d 2021-09-13
|f 1
|l 0
|r 2026-02-24 23:19:46
|w 2026-02-24
|
| 952 |
|
|
|a SNK
|b SNK
|y VYP
|7 0
|p 17A1458507
|o snkSE 13998 D1
|i snk2021/12470
|8 0
|0 0
|1 0
|4 0
|d 2021-09-13
|l 0
|r 2026-02-24 23:19:46
|w 2026-02-24
|